WWE Trivia - Statistics

General Stats
  • This quiz has been taken 86 times
  • The average score is 9 of 13
Answer Stats
Question Answer % Correct
What WWE stable consisted of Ric Flair, Triple H, Randy Orton, and Batista? Evolution
94%
Who became the new Raw GM in 2002? Eric Bischoff
83%
(Bonus) What did Kurt Angle win his gold medal with? A BROKEN FREAKIN NECK!
81%
What year did Kane unmask for the first time? 2003
78%
What was John Cena's first gimmick? The Prototype
78%
What year did John Cena win his first WWE title? 2005
72%
Who got cashed in on by Edge in 2006? John Cena
67%
Which one of these wrestlers were never apart of DX? Shane McMahon
67%
Who was the first Undisputed WWF champion? Chris Jericho
64%
What tag team was Shawn Michaels apart of along with Marty Jannetty? The Rockers
58%
Who did The Rock defeat to win his first WWF/WWE Championship? Mankind
56%
At what PPV event did Eddie Guerrero defeat Brock Lesnar for the WWE title? No Way Out
56%
What superstars were in the main event of WrestleMania 19? Kurt Angle vs Brock Lesnar
50%
No matching quizzes found
Score Distribution
Percent of People with Each Score
Percentile by Number Answered
Your Score History
You have not taken this quiz